1677 1161 1307 1478 1824 1354 1200 1531 1751 1195 1287 1909 1022 1294 1124 1474 1885 1110 1428 1511 1910 1855 1477 1611 1804 1204 1928 1026 1947 1552 1309 1873 1662 1385 1571 1341 1761 1591 1581 1466 1008 1475 1784 1887 1823 1801 1466 1325 1656 1217 1606 1707 1755 1604 1499 1720 1741 1443 1697 1254 1769 1651 1728 1362 1686 1611 1138 1657 1615 1229 1332 1622 1144 1598 1394 1360 1907 1398 1987 1018 1340 1964 1947 1372 1882 1677 1551 1286 1362 1536 1736 1921 1907 1278 1078 1566 1926 1898 1149 BCNSPRNW ULIB Ver.6.0+V

เปลี่ยนเป็นภาษาไทย

Change to English
 แสดงรายละเอียดบรรณานุกรม
  กลับหน้าหลัก

Brief Record : Get Marc (ISO 2709) : E-mail record : QR code < ปิดหน้าต่าง
LEADER : 00000nam 2200000uu 4500
001    13399124150
003     ULIB
008    150121s2556||||th 000 0 tha d
020    ^a9786163355379
060  4 ^aWG140^bว711ก
100    ^aวิโรจน์ ไววานนิชกิจ
245    ^aการตรวจวินิจฉัยและจัดการผลการตรวจคลื่นไฟฟ้าหัวใจเบื้องต้น สำหรับพยาบาล แพทย์ และบุคลากรณ์ทางการแพทย์/^cวิโรจน์ ไววานนิชกิจ
250    ^aพิมพ์ครั้งที่ 1
260    ^aกรุงเทพฯ :^bโรงพิมพ์แห่งจุฬาลงกรณ์มหาวิทยาลัย,^c2556
300    ^a108 หน้า;^b21 ซม.
650    ^aคลื่นไฟฟ้าหัวใจ
650    ^aกล้ามเนื้อหัวใจขาดเลือด^xการแปลผล
650    ^aกล้ามเนื้อหัวใจตาย^xการแปลผล
650    ^aหัวใจเต้นผิดจังหวะ^xการแปลผล
650    ^aหัวใจโต^xการแปลผล
945    ^p340^l0^i038661
945    ^p340^l0^i038662
945    ^p340^l0^i038663
945    ^p340^l0^i038664
945    ^p340^l0^i038665
945    ^p340^l0^i038666
945    ^p340^l0^i038667
999    ^aเกษร โพธิ์สุวรรณ
รายการนี้ยังไม่มีแท็ก
คุณยังไม่ได้ล็อกอิน คุณสามารถมีกิจกรรมร่วมกับเว็บไซต์ได้ แต่ต้องล็อกอินก่อน ::
  ล็อกอิน

รายการสื่อสารสนเทศ

ลำดับที่ ประเภท เลขเรียก/บาร์โค้ด สถานที่ สถานะ
1. วิทยาศาสตร์การแพทย์ และสุขภาพ
หนังสือสำรอง
สถานะ=หนังสือสำรอง
WG140 ว711ก ฉ.1 
  Barcode: 038661
ห้องสมุดวิทยาเขตสวรรค์ประชารักษ์
►หนังสือทั่วไป
บนชั้น
2. วิทยาศาสตร์การแพทย์ และสุขภาพ
วิทยาศาสตร์การแพทย์ และสุขภาพ
WG140 ว711ก ฉ.2 
  Barcode: 038662
ห้องสมุดวิทยาเขตสวรรค์ประชารักษ์
►ส่วนจัดเก็บหนังสือเก่า สปร
บนชั้น
  ขอยืม
3. วิทยาศาสตร์การแพทย์ และสุขภาพ
วิทยาศาสตร์การแพทย์ และสุขภาพ
WG140 ว711ก ฉ.3 
  Barcode: 038663
ห้องสมุดวิทยาเขตสวรรค์ประชารักษ์
►ส่วนจัดเก็บหนังสือเก่า สปร
บนชั้น
  ขอยืม
4. วิทยาศาสตร์การแพทย์ และสุขภาพ
วิทยาศาสตร์การแพทย์ และสุขภาพ
WG140 ว711ก ฉ.4 
  Barcode: 038664
ห้องสมุดวิทยาเขตสวรรค์ประชารักษ์
►ส่วนจัดเก็บหนังสือเก่า สปร
บนชั้น
  ขอยืม
5. วิทยาศาสตร์การแพทย์ และสุขภาพ
วิทยาศาสตร์การแพทย์ และสุขภาพ
WG140 ว711ก ฉ.5 
  Barcode: 038665
ห้องสมุดวิทยาเขตสวรรค์ประชารักษ์
►ส่วนจัดเก็บหนังสือเก่า สปร
บนชั้น
  ขอยืม
6. วิทยาศาสตร์การแพทย์ และสุขภาพ
วิทยาศาสตร์การแพทย์ และสุขภาพ
WG140 ว711ก ฉ.6 
  Barcode: 038666
ห้องสมุดวิทยาเขตสวรรค์ประชารักษ์
►ส่วนจัดเก็บหนังสือเก่า สปร
บนชั้น
  ขอยืม
7. วิทยาศาสตร์การแพทย์ และสุขภาพ
วิทยาศาสตร์การแพทย์ และสุขภาพ
WG140 ว711ก ฉ.7 
  Barcode: 038667
ห้องสมุดวิทยาเขตสวรรค์ประชารักษ์
►ส่วนจัดเก็บหนังสือเก่า สปร
บนชั้น
  ขอยืม

รายการใกล้เคียง
    ผู้แต่ง [วิโรจน์ ไววานนิชกิจ]

    หัวเรื่อง [คลื่นไฟฟ้าหัวใจ]

BibComment


ยังไม่เคยถูกคอมเมนท์

คอมเมนท์ทรัพยากรรายการนี้
  คอมเมนท์: การตรวจวินิจฉัยแ..


 Copyright 2026. Bcnsprnw @Library